Montero Ríos y su obra legislativa / (Record no. 89570)

MARC details
000 -LEADER
campo de control de longitud fija 00626nam a2200205 i 4500
001 - NÚMERO DE CONTROL
campo de control 89570
003 - IDENTIFICADOR DE NÚMERO DE CONTROL
campo de control ES-MaACL
005 - FECHA Y HORA DE LA ÚLTIMA TRANSACCIÓN
campo de control 20250405234004.0
007 - CAMPO FIJO DE DESCRIPCIÓN FÍSICA--INFORMACIÓN GENERAL
campo de control de longitud fija t|
008 - DATOS DE LONGITUD FIJA--INFORMACIÓN GENERAL
campo de control de longitud fija 050111q1971 sp ||||1| spa d
100 1# - ENTRADA PRINCIPAL--NOMBRE DE PERSONA
Nombre de persona Laso Gaite, Juan Francisco.
9 (RLIN) 70454
245 10 - MENCIÓN DEL TÍTULO
Título Montero Ríos y su obra legislativa /
Mención de responsabilidad, etc. por Juan Francisco Laso Gaite.
260 ## - PUBLICACIÓN, DISTRIBUCIÓN, ETC.
Lugar de publicación, distribución, etc. [Madrid :
Nombre del editor, distribuidor, etc. s.n.,
Fecha de publicación, distribución, etc. 1971?]
300 ## - DESCRIPCIÓN FÍSICA
Extensión 52 p. ;
Dimensiones 24 cm.
595 ## -
-- Separata de: Información jurídica, n. 309.
600 14 - PUNTO DE ACCESO ADICIONAL DE MATERIA--NOMBRE DE PERSONA
Nombre de persona Montero Ríos, Eugenio,
Fechas asociadas al nombre 1832-1914
9 (RLIN) 82537
852 ## - LOCALIZACIÓN
Ubicación ES-MaACL
Número de control de estantería 2083-F-4
852 ## - LOCALIZACIÓN
Ubicación ES-MaACL
Número de control de estantería 2083-F-5
Holdings
Estatus retirado Estado de pérdida Estado de daño No para préstamo Colección Biblioteca de origen Biblioteca actual Ubicación en estantería Fecha de adquisición Fuente de adquisición Total de préstamos Signatura topográfica completa Código de barras Visto por última vez Precio de reemplazo Tipo de ítem Koha
        Colección de folletos Biblioteca del Ateneo de Madrid Biblioteca del Ateneo de Madrid Depósito folletos 17/01/2008     2083-F-5 1093544 23/02/2023 23/02/2023 Folleto
        Colección de folletos Biblioteca del Ateneo de Madrid Biblioteca del Ateneo de Madrid Depósito folletos 17/01/2008     2083-F-4 1093543 23/02/2023 23/02/2023 Folleto